Project Sekai VBS Quiz - Statistics

General Stats
  • This quiz has been taken 61 times
  • The average score is 18 of 39
Answer Stats
Question Answer % Correct
CRAZY character focus Akito
95%
Blender character focus: Toya
95%
City/Machi character focus An
93%
Orange Akito
81%
From Tokyo character focus Saki
76%
Dark Blue Toya
76%
Light Blue An
71%
B r a _ _ _ R _ v o _ u t _ o _ G _ r l Brain Revolution Girl
71%
A w_ _e N _ w Awake Now
69%
_ e a _ E _ t _ r Beat Eater
69%
O _ o Odo
69%
_ AD D_ _ S RAD DOGS
69%
F _ _ w a _ d Forward
62%
A c _ e l _ r _ t _ Accelerate
60%
R e _ d _ S _ e a _ y Ready Steady
60%
_ a s _ _ k a Kashika
57%
M _ _ a i Mirai
57%
_ l y _ r Flyer
55%
C i_ _ _ _ Cinema
48%
H _ _ e n Haven
48%
I m _ e _ i a _ G_ r _ Imperial Girl
40%
R _ a _ n _ nd P _ t r _ Rain and Petra
40%
Cafe name WEEKEND GARAGE
40%
Sekai cafe name Crase cafe
36%
Y_i d _ _ e S h _ _ a z u Yoidore Shirazu
36%
Pink Saki
33%
_ o b a _ a s _ i D _ c _ i v _ Yobanashi Deceive
33%
I _ _ u d _ u _ o _ Ifuudoudou
31%
_ u _ l Fuel
29%
P _ e l _ s Pheles
29%
Bonus: who sings Gimme x Gimme cover? Akito and An
24%
_ _ YY
19%
_ l e _ _ e r Blender
10%
R _ _ o r Rumor
10%
T _ a _ _ i _ _ a m Traffic Jam
7%
_ o _ _ l i _ h_ Moonlight
2%
_i r _ e a _ Airhead
0%
L _ _ s _ e _ r i _ d s Lets Be Friends
0%
_ r i n _ s _ o r _ springstorm
0%
No matching quizzes found
Score Distribution
Percent of People with Each Score
Percentile by Number Answered
Your Score History
You have not taken this quiz